| 000 | 00795nam a2200253 4500 | ||
|---|---|---|---|
| 003 | OSt | ||
| 005 | 20260601171004.0 | ||
| 008 | 260505b1992\\\\||||||||\||||\00|\0\eng\d | ||
| 040 |
_cICI _aspa _bICI |
||
| 041 | _aspa | ||
| 050 |
_aNK2117.C62 _bD3718 1992 |
||
| 100 | 1 |
_aDatford, J., _aautor _931927 |
|
| 245 | 1 |
_aComedores / _cJ. Dartford ; vers. castellana de Carlos Sáenz de Valicourt |
|
| 264 |
_bGustavo Gili México _c1992 |
||
| 300 | _a72 páginas | ||
| 336 |
_atexto _2rdacontent |
||
| 337 |
_asin medio _2rdamedia |
||
| 338 |
_avolumen _2rdacarrier |
||
| 490 | 0 | _aColección dimensiones en arquitectura | |
| 502 | _a Traducción de: Architect's data sheets, dining spaces | ||
| 650 |
_a Comedores _931928 |
||
| 700 | 1 |
_aSáenz de Valicourt, Carlos, _etraductor |
|
| 942 |
_2lcc _cB _n1 |
||
| 999 |
_c20204 _d20204 |
||